La granja del desierto ó Aventuras de una familia perdida en las soledades de América / (Record no. 163196)

MARC details
000 -LEADER
campo de control de longitud fija 01047nam a22002415i 4500
001 - NÚMERO DE CONTROL
campo de control 163196
003 - IDENTIFICADOR DE NÚMERO DE CONTROL
campo de control ES-MaACL
005 - FECHA Y HORA DE LA ÚLTIMA TRANSACCIÓN
campo de control 20230906212707.0
008 - DATOS DE LONGITUD FIJA--INFORMACIÓN GENERAL
campo de control de longitud fija 990726s1870 sp a |||| | spa d
040 ## - FUENTE DE CATALOGACIÓN
Centro catalogador/agencia de origen AN
Lengua de catalogación spa
Centro/agencia transcriptor AN
100 1# - ENTRADA PRINCIPAL--NOMBRE DE PERSONA
Nombre de persona Reid, Mayne (
Fechas asociadas al nombre 1818-1883)
9 (RLIN) 95977
245 13 - MENCIÓN DEL TÍTULO
Título La granja del desierto ó Aventuras de una familia perdida en las soledades de América /
Mención de responsabilidad, etc. escrito en ingles por el Capitan Mayne-Reid ; traducción española de A.R.F.
250 ## - MENCION DE EDICION
Mención de edición Ed. il. con grab.
260 ## - PUBLICACIÓN, DISTRIBUCIÓN, ETC.
Lugar de publicación, distribución, etc. Madrid :
Nombre del editor, distribuidor, etc. Imprenta de Gaspar y Roig, editores,
Fecha de publicación, distribución, etc. 1870.
300 ## - DESCRIPCIÓN FÍSICA
Extensión 74 p. :
Otras características físicas il. ;
Dimensiones 25 cm.
490 1# - MENCIÓN DE SERIE
Mención de serie Biblioteca ilustrada de Gaspar y Roig
594 #1 - Nota al título y mención de responsabilidad
Nota al título y mención de responsabilidad Precede al tí.: "Aventuras de mar y tierra"
740 0# - ENTRADA AGREGADA--TÍTULO RELACIONADO/ANALÍTICO NO CONTROLADO
Título relacionado o analítico no controlado Aventuras de una familia perdida en las soledades de América.
830 0# - PUNTO DE ACCESO ADICIONAL DE SERIE-TÍTULO UNIFORME
Título uniforme Biblioteca ilustrada de Gaspar y Roig
9 (RLIN) 177255
852 ## - LOCALIZACIÓN
Ubicación ES-MaACL
Número de control de estantería C-1198(11)
Nota libre -- Enc. hol.
-- -- Legado de M. de la Fuente
condición física -- Falto de la cub. original
Nota libre -- Enc. en un vol. facticio
Holdings
Estatus retirado Estado de pérdida Estado de daño No para préstamo Colección Biblioteca de origen Biblioteca actual Ubicación en estantería Fecha de adquisición Fuente de adquisición Total de préstamos Signatura topográfica completa Código de barras Visto por última vez Precio de reemplazo Tipo de ítem Koha
        Libros del s. XIX Biblioteca del Ateneo de Madrid Biblioteca del Ateneo de Madrid Sala Palomar 17/01/2008     C-1198(11) 1171009 23/02/2023 23/02/2023 Libro impreso antiguo